Guildford BC v Sos Environment Transport and the Regions (Record no. 70499)

MARC details
000 -LEADER
fixed length control field 00778cam a2200193 4500
001 - CONTROL NUMBER
control field X118448
008 - FIXED-LENGTH DATA ELEMENTS--GENERAL INFORMATION
fixed length control field 020618n2002 000 0 eng u
035 ## - SYSTEM CONTROL NUMBER
System control number (Sirsi) u118440
245 ## - TITLE STATEMENT
Title Guildford BC v Sos Environment Transport and the Regions
260 ## - PUBLICATION, DISTRIBUTION, ETC.
Date of publication, distribution, etc. 2002
490 ## - SERIES STATEMENT
Series statement Journal of Planning and Environment Law
Volume/sequential designation [2002] JPL 733-740(8)
520 ## - SUMMARY, ETC.
Summary, etc. QBD 12 October 2001. Local plan. Small dwellings policy. Town and Country Planning Act 1990 s54A. Irrelevant considerations. (Taken from journal headnote)
650 ## - SUBJECT ADDED ENTRY--TOPICAL TERM
Topical term or geographic name entry element GUILDFORD BC V SOS ENVIRONMENT TRANSPORT AND THE REGIONS
650 ## - SUBJECT ADDED ENTRY--TOPICAL TERM
Topical term or geographic name entry element TOWN AND COUNTRY PLANNING ACT 1990 S54A
650 ## - SUBJECT ADDED ENTRY--TOPICAL TERM
Topical term or geographic name entry element PLANNING PERMISSION
650 ## - SUBJECT ADDED ENTRY--TOPICAL TERM
Topical term or geographic name entry element RESIDENTIAL DEVELOPMENT
690 ## - LOCAL SUBJECT ADDED ENTRY--TOPICAL TERM (OCLC, RLIN)
Topical term or geographic name as entry element Planning and development
9 (RLIN) 6259
942 ## - ADDED ENTRY ELEMENTS (KOHA)
Suppress in OPAC 0
Holdings
Withdrawn status Lost status Source of classification or shelving scheme Damaged status Not for loan Home library Current library Shelving location Date acquired Total Checkouts Full call number Barcode Date last seen Copy number Price effective from Koha item type
    Dewey Decimal Classification     London London Journal article 18/06/2002   X118440 118440-1001 06/08/2019 1 06/08/2019 Law report